00530nmm a2200145Ia 4500008004100000020001800041041000800059100002300067245010900090264005800199300001800257490003500275650002300310856005100333251105s9999||||xx |||||||||||||||||und|| a9788484891895 aspa aBandera, Cesáreo 0aMonda y desnuda: La humilde historia de Don Quijote :b Reflexiones sobre el origen de la novela moderna a[Madrid, España] :bIberoamericana Vervuert, c2005 a400 páginas aBiblioteca Áurea Hispánica aSpanish literature uhttps://public.digitaliapublishing.com/a/15398